Gaming Quiz

Random Gaming or Pokémon Quiz

Pokemon Brown Pokedex Quiz Stats

Quiz not verified by Sporcle

Challenge
Share
Tweet
Embed
Score 0/225 Timer 15:00
0 Plays Today
Pokedex Number Pokemon % Correct
#001Bulbasaur
90.2%
#002Ivysaur
78.4%
#006Charizard
76.5%
#004Charmander
74.5%
#005Charmeleon
74.5%
#003Venusaur
72.5%
#007Squirtle
72.5%
#008Wartortle
70.6%
#009Blastoise
68.6%
#010Caterpie
68.6%
#011Metapod
68.6%
#016Pidgey
68.6%
#012Butterfree
66.7%
#013Weedle
66.7%
#015Beedrill
66.7%
#018Pidgeot
66.7%
#021Spearow
66.7%
#025Pikachu
66.7%
#026Raichu
66.7%
#014Kakuna
64.7%
#017Pidgeotto
64.7%
#022Fearow
62.7%
#023Ekans
62.7%
#024Arbok
62.7%
#020Raticate
60.8%
#151Mew
60.8%
#019Rattata
58.8%
#029Nidoran♀
58.8%
#032Nidoran♂
58.8%
#033Nidorino
58.8%
#144Articuno
58.8%
#145Zapdos
58.8%
#146Moltres
58.8%
#150Mewtwo
58.8%
#030Nidorina
56.9%
#031Nidoqueen
56.9%
#034Nidoking
56.9%
#094Gengar
56.9%
#133Eevee
56.9%
#135Jolteon
56.9%
#058Growlithe
54.9%
#059Arcanine
54.9%
#063Abra
54.9%
#064Kadabra
54.9%
#065Alakazam
54.9%
#075Graveler
54.9%
#086Seel
54.9%
#087Dewgong
54.9%
#092Gastly
54.9%
#093Haunter
54.9%
#134Vaporeon
54.9%
#136Flareon
54.9%
#027Sandshrew
52.9%
#037Vulpix
52.9%
#043Oddish
52.9%
#044Gloom
52.9%
#045Vileplume
52.9%
#074Geodude
52.9%
#076Golem
52.9%
#081Magnemite
52.9%
#082Magneton
52.9%
#109Koffing
52.9%
#110Weezing
52.9%
#126Magmar
52.9%
#152Chikorita
52.9%
#156Quilava
52.9%
#158Totodile
52.9%
#221Lugia
52.9%
#222Ho-Oh
52.9%
#028Sandslash
51%
#035Clefairy
51%
#036Clefable
51%
#038Ninetales
51%
#041Zubat
51%
#042Golbat
51%
Pokedex Number Pokemon % Correct
#052Meowth
51%
#053Persian
51%
#066Machop
51%
#067Machoke
51%
#068Machamp
51%
#095Onix
51%
#111Rhyhorn
51%
#112Rhydon
51%
#125Electabuzz
51%
#147Dratini
51%
#148Dragonair
51%
#149Dragonite
51%
#155Cyndaquil
51%
#219Entei
51%
#040Wigglytuff
49%
#048Venonat
49%
#049Venomoth
49%
#050Diglett
49%
#051Dugtrio
49%
#069Bellsprout
49%
#080Slowbro
49%
#088Grimer
49%
#089Muk
49%
#106Hitmonlee
49%
#107Hitmonchan
49%
#124Jynx
49%
#129Magikarp
49%
#137Porygon
49%
#138Omanyte
49%
#139Omastar
49%
#140Kabuto
49%
#141Kabutops
49%
#153Bayleef
49%
#154Meganium
49%
#157Typhlosion
49%
#159Croconaw
49%
#162Houndoom
49%
#194Sneasel
49%
#220Suicune
49%
#039Jigglypuff
47.1%
#046Paras
47.1%
#047Parasect
47.1%
#055Golduck
47.1%
#060Poliwag
47.1%
#061Poliwhirl
47.1%
#062Poliwrath
47.1%
#070Weepinbell
47.1%
#071Victreebel
47.1%
#102Exeggcute
47.1%
#103Exeggutor
47.1%
#160Feraligatr
47.1%
#161Houndour
47.1%
#207Porygon2
47.1%
#054Psyduck
45.1%
#072Tentacool
45.1%
#073Tentacruel
45.1%
#079Slowpoke
45.1%
#083Farfetch'd
45.1%
#101Electrode
45.1%
#123Scyther
45.1%
#171Piloswine
45.1%
#195Weavile
45.1%
#208Porygon-Z
45.1%
#210Scizor
45.1%
#216Crobat
45.1%
#218Raikou
45.1%
#056Mankey
43.1%
#057Primeape
43.1%
#100Voltorb
43.1%
#117Seadra
43.1%
#119Seaking
43.1%
#127Pinsir
43.1%
#130Gyarados
43.1%
#131Lapras
43.1%
#142Aerodactyl
43.1%
Pokedex Number Pokemon % Correct
#163Heracross
43.1%
#170Swinub
43.1%
#172Mamoswine
43.1%
#175Mareep
43.1%
#177Ampharos
43.1%
#204Magnezone
43.1%
#206Magmortar
43.1%
#211Steelix
43.1%
#213Kingdra
43.1%
#078Rapidash
41.2%
#090Shellder
41.2%
#091Cloyster
41.2%
#096Drowzee
41.2%
#113Chansey
41.2%
#116Horsea
41.2%
#132Ditto
41.2%
#143Snorlax
41.2%
#168Chinchou
41.2%
#169Lanturn
41.2%
#173Natu
41.2%
#174Xatu
41.2%
#077Ponyta
39.2%
#084Doduo
39.2%
#085Dodrio
39.2%
#097Hypno
39.2%
#118Goldeen
39.2%
#120Staryu
39.2%
#122Mr. Mime
39.2%
#182Larvitar
39.2%
#183Pupitar
39.2%
#184Tyranitar
39.2%
#200Espeon
39.2%
#201Umbreon
39.2%
#214Rhyperior
39.2%
#121Starmie
37.3%
#166Spinarak
37.3%
#167Ariados
37.3%
#176Flaaffy
37.3%
#205Electivire
37.3%
#104Cubone
35.3%
#105Marowak
35.3%
#128Tauros
35.3%
#180Murkrow
35.3%
#181Honchkrow
35.3%
#187Wooper
35.3%
#188Quagsire
35.3%
#203Glaceon
35.3%
#212Slowking
35.3%
#108Lickitung
33.3%
#115Kangaskhan
33.3%
#196Tyrogue
33.3%
#197Hitmontop
33.3%
#198Misdreavus
33.3%
#202Leafeon
33.3%
#225Sylveon
33.3%
#192Gligar
31.4%
#199Mismagius
31.4%
#114Tangela
29.4%
#193Gliscor
29.4%
#215Blissey
29.4%
#217Politoed
29.4%
#164Yanma
25.5%
#165Yanmega
25.5%
#098Krabby
23.5%
#099Kingler
23.5%
#178Marill
23.5%
#179Azumarill
23.5%
#209Tangrowth
19.6%
#189Togepi
17.6%
#190Togetic
17.6%
#191Togekiss
15.7%
#186Donphan
13.7%
#185Phanpy
11.8%
#223Cranidos
3.9%
#224Rampardos
3.9%

You're not logged in!

Compare scores with friends on all Sporcle quizzes.
Sign Up with Email
OR
Log In

You Might Also Like...

Show Comments

Extras

Top Quizzes Today


Score Distribution

Your Account Isn't Verified!

In order to create a playlist on Sporcle, you need to verify the email address you used during registration. Go to your Sporcle Settings to finish the process.